000 00397nam a22001697a 4500
003 MPLRDC
005 20220104113534.0
008 210129b ||||| |||| 00| 0 eng d
082 _a782.881 LX-7
100 _a曾庆瑞
245 _a鲁迅评传
_c
250 _a一版一刷
260 _a
_b四川人民出版社
_c1981
300 _b
650 _a鲁迅传记
942 _cBK
_o782.881 LX-7
999 _c428
_d418